000 01249nam a2200337 a 4500
001 000113623
003 CHAP
005 20220329144404.0
008 170830s2017 mx sm |||||||spa d
010 _a110084
011 _a111056
040 _cCHAP
090 _aTesis
100 1 _aBaas May, Ángel Antonio
_9133072
245 1 0 _aAnálisis químico de ocho leguminosas del Estado de Morelos
_h[En línea]
_cpor Ángel Antonio Baas May.
260 _aChapingo, Méx. :
_bEl autor,
_c2017.
500 _aPara ver el contenido del material haga clic en la liga
502 _aTesis (Ing. Agr. Esp. en Zootecnia) -- UACH. Departamento de Enseñanza Investigación y Servicio en Zootecnia
590 _aBATCH
_b00
_c20181121
_lUCH01
_h0758
590 _aE5765TAJ
_b05
_c20170830
_lUCH01
_h1126
590 _aE5765TAJ
_b05
_c20170830
_lUCH01
_h1127
650 1 4 _aLeguminosas forrajeras
_xFisiología y morfología.
_9133073
650 1 4 _aLeguminosas
_xAnálisis.
_965811
650 1 4 _aLeguminosas
_xDigestibilidad.
_9132228
650 1 4 _aLeguminosas
_xMateria seca
_xDeterminación.
_965837
856 _a1
_n0000684
856 _aFinding aid
_uhttp://10.13.5.2/tesis/sist113623.pdf
_zTeclea aquí
901 _aBK
942 _cTESIS
942 _n0
999 _c110084
_d110084